[Event "Olympiad-43"]
[Site "Batumi"]
[Date "2018.09.27"]
[Round "4.76"]
[White "Rocha, Maximiliano"]
[Black "Guller, Andras"]
[Result "1/2-1/2"]
[WhiteElo "2185"]
[BlackElo "2012"]
[PlyCount "80"]
[EventDate "2018.09.24"]
[EventType "team-swiss"]
[EventRounds "11"]
[EventCountry "GEO"]
[SourceTitle "CBM 187"]
[Source "ChessBase"]
[SourceDate "2018.12.11"]
[SourceVersion "1"]
[SourceVersionDate "2018.12.11"]
[SourceQuality "1"]
[WhiteTeam "Nicaragua"]
[BlackTeam "Liechtenstein"]
[WhiteTeamCountry "NCA"]
[BlackTeamCountry "LIE"]

1. e4 c5 2. c3 d5 3. exd5 Qxd5 4. Nf3 Nf6 5. d4 e6 6. Be3 cxd4 7. cxd4 Be7 8. Nc3 Qd8 9. Bd3 0-0 10. 0-0 b6 11. Ne5 Bb7 12. Qe2 Nc6 13. Rfd1 Nb4 14. Bc4 Nbd5 15. Rac1 Rc8 16. Bd3 Nxc3 17. bxc3 Ba3 18. Rc2 Be4 19. c4 Bxd3 20. Rxd3 Be7 21. Qf3 Nd5 22. Rdd2 Nxe3 23. fxe3 Bd6 24. Nd3 Qh4 25. g3 Qg5 26. Nf2 Qa5 27. Ne4 Be7 28. Rf2 Qa4 29. c5 bxc5 30. d5 exd5 31. Nc3 Qd7 32. Nxd5 Bd8 33. Rcd2 Qe6 34. Nf4 Qb6 35. Qg4 Rb8 36. Rd7 Qb1+ 37. Rf1 Qe4 38. Qe2 Rb1 39. Rxb1 Qxb1+ 40. Rd1 Qe4 1/2-1/2

[Event "Olympiad-43"]
[Site "Batumi"]
[Date "2018.09.26"]
[Round "3.62"]
[White "Roselli Mailhe, Bernardo"]
[Black "Guller, Andras"]
[Result "1-0"]
[WhiteElo "2439"]
[BlackElo "2012"]
[PlyCount "141"]
[EventDate "2018.09.24"]
[EventType "team-swiss"]
[EventRounds "11"]
[EventCountry "GEO"]
[SourceTitle "CBM 187"]
[Source "ChessBase"]
[SourceDate "2018.12.11"]
[SourceVersion "1"]
[SourceVersionDate "2018.12.11"]
[SourceQuality "1"]
[WhiteTeam "Uruguay"]
[BlackTeam "Liechtenstein"]
[WhiteTeamCountry "URU"]
[BlackTeamCountry "LIE"]

1. d4 d5 2. c4 c6 3. Nf3 Nf6 4. Qc2 g6 5. Bf4 Bg7 6. e3 Bf5 7. Qb3 Qb6 8. c5 Qxb3 9. axb3 Bxb1 10. Rxb1 Nbd7 11. b4 a6 12. h3 0-0 13. Be2 Rfe8 14. 0-0 Ne4 15. Rfd1 e5 16. dxe5 Nxe5 17. Nd4 h5 18. f3 Nf6 19. Nb3 Nh7 20. Na5 Re7 21. g4 hxg4 22. hxg4 Nf8 23. Kf2 Ne6 24. Bg3 f6 25. f4 Nf7 26. Bd3 Nf8 27. Kf3 Rae8 28. Re1 g5 29. Re2 gxf4 30. exf4 Rxe2 31. Bxe2 Ne6 32. Kf2 Nfd8 33. Bd3 Nd4 34. Re1 Rxe1 35. Kxe1 Kf7 36. Kd2 Bh6 37. Ke3 N4e6 38. Bf5 Ke7 39. Nb3 Kf7 40. Kf3 Ke7 41. Ke3 Kf7 42. Nc1 Ke7 43. Nd3 Kf7 44. Bf2 Ke7 45. Kf3 Kf7 46. Be3 Ke7 47. Nc1 Kf7 48. Ne2 Ke7 49. Bg1 Kf7 50. Bf2 Ke7 51. Be3 Kf7 52. Ng3 Bg7 53. Bd3 Bf8 54. Nf5 a5 55. bxa5 Nxc5 56. Bc2 Nde6 57. g5 fxg5 58. fxg5 Nd7 59. Nh6+ Bxh6 60. gxh6 Ndf8 61. Kg4 Kf6 62. b4 d4 63. Bf2 Ng6 64. h7 Ne5+ 65. Kg3 Kg7 66. Bf5 d3 67. Bxe6 d2 68. Bb3 Kxh7 69. Bd4 Nd3 70. Bc3 Nc1 71. Bc2+ 1-0

[Event "Bodensee op Seniors 4th"]
[Site "Bregenz"]
[Date "2018.05.10"]
[Round "5"]
[White "Guller, Andras"]
[Black "Choong, Liong On Mark"]
[Result "1-0"]
[WhiteElo "2016"]
[BlackElo "1855"]
[PlyCount "173"]
[EventDate "2018.05.06"]
[EventType "swiss"]
[EventRounds "7"]
[EventCountry "AUT"]
[SourceTitle "CBM 184 Extra"]
[Source "ChessBase"]
[SourceDate "2018.06.28"]
[SourceVersion "1"]
[SourceVersionDate "2018.06.28"]
[SourceQuality "1"]

1. e4 c5 2. Nf3 e6 3. Nc3 Nc6 4. Bb5 Qc7 5. 0-0 Nf6 6. d4 cxd4 7. Nxd4 Nxd4 8. Qxd4 Ng4 9. e5 h5 10. Bf4 Bc5 11. Qe4 a6 12. Bd3 Rb8 13. Qe2 Bd4 14. Rae1 b5 15. h3 Bxc3 16. bxc3 Nh6 17. Qxh5 Bb7 18. Bxh6 Rxh6 19. Qg5 Kf8 20. Re3 f6 21. exf6 Rxf6 22. Rg3 d6 23. c4 bxc4 24. Bxc4 Be4 25. Bd3 Bxd3 26. cxd3 Rb5 27. Qh4 Rh6 28. Rf3+ Ke8 29. Qf4 Rf6 30. Qe3 Re5 31. Qc1 Qxc1 32. Rxc1 Rxf3 33. gxf3 Ra5 34. Rc7 Kf8 35. Rc2 Kf7 36. Kf1 Kf6 37. Ke2 Ke5 38. h4 d5 39. Ke3 d4+ 40. Ke2 Kf4 41. Rb2 Re5+ 42. Kf1 Kxf3 43. Rb7 g6 44. Rg7 Rb5 45. Rf7+ Kg4 46. Rf6 Rb6 47. Rxg6+ Kf5 48. h5 Rb2 49. Rg8 Rb7 50. h6 Kf6 51. Ra8 Rh7 52. Rxa6 Rxh6 53. Ke2 Rh1 54. a4 Ra1 55. Kf3 Kf5 56. Ra5+ e5 57. Ra8 Ra3 58. Rf8+ Ke6 59. Ke4 Ra2 60. Re8+ Kd6 61. Ra8 Re2+ 62. Kf3 Ra2 63. a5 Kd5 64. a6 Kc6 65. a7 Kb7 66. Re8 Kxa7 67. Rxe5 Kb6 68. Rd5 Ra8 69. Rxd4 Kc5 70. Re4 Kd5 71. Ke3 Rh8 72. f4 Rh3+ 73. Kd2 Rf3 74. Kc3 Rf1 75. Ra4 Rc1+ 76. Kd2 Rf1 77. Ke2 Rh1 78. Ra8 Rh2+ 79. Kf3 Rh3+ 80. Kg4 Rh7 81. Re8 Rg7+ 82. Kf5 Rf7+ 83. Kg5 Kd6 84. f5 Ra7 85. f6 Ra2 86. f7 Rg2+ 87. Kh4 1-0

[Event "EU Small Countries ol 5th"]
[Site "Andorra"]
[Date "2017.11.13"]
[Round "2.5"]
[White "Jouault, Louis"]
[Black "Guller, Andras"]
[Result "1/2-1/2"]
[WhiteElo "1860"]
[BlackElo "2041"]
[PlyCount "46"]
[EventDate "2017.11.12"]
[EventType "team-tourn"]
[EventRounds "9"]
[EventCountry "AND"]
[SourceTitle "CBM 181 Extra"]
[Source "ChessBase"]
[SourceDate "2017.12.12"]
[SourceVersion "1"]
[SourceVersionDate "2017.12.12"]
[SourceQuality "1"]
[WhiteTeam "Jersey"]
[BlackTeam "Liechtenstein"]
[WhiteTeamCountry "GCI"]
[BlackTeamCountry "LIE"]

1. e4 c5 2. Nc3 e6 3. f4 g6 4. Nf3 Bg7 5. Bc4 a6 6. a4 Ne7 7. 0-0 d6 8. Kh1 Nbc6 9. d3 0-0 10. Qe1 Nd4 11. Nxd4 cxd4 12. Ne2 d5 13. Bb3 dxe4 14. dxe4 d3 15. Nc3 dxc2 16. Bxc2 Bd7 17. Be3 b5 18. axb5 axb5 19. Rxa8 Qxa8 20. Bc5 Re8 21. Qd2 Bc6 22. Re1 Qb8 23. b4 Rd8 1/2-1/2

[Event "Bodensee op Seniors"]
[Site "Bregenz"]
[Date "2017.05.28"]
[Round "9"]
[White "Ladisic, Alex Sacha"]
[Black "Guller, Andras"]
[Result "1-0"]
[WhiteElo "2000"]
[BlackElo "2017"]
[PlyCount "115"]
[EventDate "2017.05.20"]
[EventType "swiss"]
[EventRounds "9"]
[EventCountry "AUT"]
[SourceTitle "CBM 178 Extra"]
[Source "ChessBase"]
[SourceDate "2017.06.22"]
[SourceVersion "1"]
[SourceVersionDate "2017.06.22"]
[SourceQuality "1"]

1. e4 e6 2. d4 d5 3. Nc3 dxe4 4. Nxe4 Nd7 5. Nf3 Ngf6 6. Bg5 Be7 7. Bxf6 Nxf6 8. Bd3 0-0 9. Qe2 c5 10. dxc5 Bxc5 11. 0-0-0 Nxe4 12. Qxe4 f5 13. Qe2 Qf6 14. Rhe1 a5 15. Kb1 a4 16. a3 Kh8 17. Ne5 b6 18. f4 Rd8 19. Qf3 Rb8 20. Bb5 Rxd1+ 21. Rxd1 Bb7 22. Bc6 Bxc6 23. Qxc6 Qe7 24. Rd7 Qe8 25. Qxa4 b5 26. Qa5 Bb6 27. Qb4 h6 28. Qe7 Qxe7 29. Rxe7 Be3 30. Rxe6 Kh7 31. Nd3 Bg1 32. h3 g6 33. Ne5 Rd8 34. Re7+ Kg8 35. Nxg6 Rd1+ 36. Ka2 Rd2 37. g4 fxg4 38. hxg4 Rxc2 39. Rb7 Rg2 40. Rxb5 Rxg4 41. f5 h5 42. Rb3 Rg5 43. Rh3 Bd4 44. b4 Kf7 45. Nf4 Rxf5 46. Nxh5 Ke7 47. Rd3 Be5 48. Ng3 Rf4 49. Kb3 Bd6 50. Ne2 Rf1 51. Nc3 Rh1 52. b5 Ra1 53. a4 Bc5 54. Kc4 Bf2 55. b6 Bxb6 56. Nd5+ Kd6 57. Nxb6+ Kc6 58. Rb3 1-0

[Event "Bodensee op Seniors"]
[Site "Bregenz"]
[Date "2017.05.27"]
[Round "8"]
[White "Guller, Andras"]
[Black "Dobosz, Henryk"]
[Result "0-1"]
[WhiteElo "2017"]
[BlackElo "2381"]
[PlyCount "40"]
[EventDate "2017.05.20"]
[EventType "swiss"]
[EventRounds "9"]
[EventCountry "AUT"]
[SourceTitle "CBM 178 Extra"]
[Source "ChessBase"]
[SourceDate "2017.06.22"]
[SourceVersion "1"]
[SourceVersionDate "2017.06.22"]
[SourceQuality "1"]

1. e4 c5 2. Nf3 e6 3. d4 cxd4 4. Nxd4 Nc6 5. Nxc6 bxc6 6. Bd3 Nf6 7. Nd2 e5 8. c4 a5 9. b3 Bc5 10. 0-0 d6 11. h3 g5 12. Kh2 Rg8 13. g4 h5 14. f3 Rh8 15. Kg2 hxg4 16. hxg4 Rh4 17. Be2 Nh5 18. gxh5 Bh3+ 19. Kg3 Qf6 20. Nb1 Qf4+ 0-1

[Event "Bodensee op Seniors"]
[Site "Bregenz"]
[Date "2017.05.25"]
[Round "6"]
[White "Guller, Andras"]
[Black "Vilerte, Tamara"]
[Result "1/2-1/2"]
[WhiteElo "2017"]
[BlackElo "1994"]
[PlyCount "25"]
[EventDate "2017.05.20"]
[EventType "swiss"]
[EventRounds "9"]
[EventCountry "AUT"]
[SourceTitle "CBM 178 Extra"]
[Source "ChessBase"]
[SourceDate "2017.06.22"]
[SourceVersion "1"]
[SourceVersionDate "2017.06.22"]
[SourceQuality "1"]

1. e4 c5 2. Nf3 Nc6 3. Bb5 g6 4. 0-0 Bg7 5. c3 a6 6. Ba4 b5 7. Bc2 e5 8. d3 Nge7 9. Be3 d6 10. d4 exd4 11. cxd4 0-0 12. Nc3 c4 13. h3 1/2-1/2

[Event "Bodensee op Seniors"]
[Site "Bregenz"]
[Date "2017.05.24"]
[Round "5"]
[White "Blechzin, Igor"]
[Black "Guller, Andras"]
[Result "1/2-1/2"]
[WhiteElo "2260"]
[BlackElo "2017"]
[PlyCount "119"]
[EventDate "2017.05.20"]
[EventType "swiss"]
[EventRounds "9"]
[EventCountry "AUT"]
[SourceTitle "CBM 178 Extra"]
[Source "ChessBase"]
[SourceDate "2017.06.22"]
[SourceVersion "1"]
[SourceVersionDate "2017.06.22"]
[SourceQuality "1"]

1. c4 c6 2. Nf3 d5 3. Qc2 Nf6 4. g3 e6 5. Bg2 Nbd7 6. d4 Bd6 7. 0-0 0-0 8. Nbd2 Re8 9. e4 dxe4 10. Ng5 h6 11. Ndxe4 Nxe4 12. Nxe4 Be7 13. Bf4 Nf6 14. Rad1 Nxe4 15. Qxe4 Bd6 16. Rfe1 Bxf4 17. Qxf4 Qa5 18. a3 Bd7 19. Qe5 Qa6 20. Qc7 Red8 21. Bf1 Qb6 22. Qxb6 axb6 23. Re3 b5 24. cxb5 cxb5 25. Rb3 Ra5 26. d5 Be8 27. Rbd3 exd5 28. Rxd5 Rxd5 29. Rxd5 Bc6 30. Rc5 Kf8 31. Bg2 Ra6 32. f4 Ke7 33. Rc3 Kd6 34. b4 Ra8 35. Kf2 Re8 36. Bf3 f6 37. h4 g6 38. Be2 Ra8 39. Bd3 g5 40. Be2 gxh4 41. gxh4 Re8 42. Re3 Ra8 43. Bg4 Bd5 44. Rd3 Kc6 45. Bd7+ Kxd7 46. Rxd5+ Ke6 47. Rxb5 Rxa3 48. h5 Rh3 49. Kg2 Rh4 50. Kg3 Rh1 51. Rb6+ Kf5 52. Rxb7 Rg1+ 53. Kf3 Rf1+ 54. Ke3 Rxf4 55. b5 Rb4 56. Kd3 Kg4 57. Kc3 Rb1 58. Kc4 Kxh5 59. Rd7 f5 60. Rd4 1/2-1/2

[Event "Bodensee op Seniors"]
[Site "Bregenz"]
[Date "2017.05.23"]
[Round "4"]
[White "Guller, Andras"]
[Black "Kierzek, Matthias"]
[Result "1/2-1/2"]
[WhiteElo "2017"]
[BlackElo "2262"]
[PlyCount "82"]
[EventDate "2017.05.20"]
[EventType "swiss"]
[EventRounds "9"]
[EventCountry "AUT"]
[SourceTitle "CBM 178 Extra"]
[Source "ChessBase"]
[SourceDate "2017.06.22"]
[SourceVersion "1"]
[SourceVersionDate "2017.06.22"]
[SourceQuality "1"]

1. e4 c6 2. d4 d5 3. Nd2 dxe4 4. Nxe4 Bf5 5. Ng3 Bg6 6. Nf3 Nd7 7. Bd3 e6 8. 0-0 Ngf6 9. c4 Bd6 10. b3 Qc7 11. Bb2 0-0 12. Bxg6 hxg6 13. Qe2 a5 14. a3 Rfe8 15. Rfe1 Rab8 16. a4 Bb4 17. Red1 b6 18. Ne4 Nxe4 19. Qxe4 Rbd8 20. Rac1 Nf6 21. Qe2 c5 22. Qe5 Rd6 23. dxc5 Bxc5 24. Rxd6 Bxd6 25. Qe2 Rd8 26. Rd1 Nd7 27. h3 Nc5 28. Qc2 Be7 29. Rxd8+ Qxd8 30. Bd4 Bf6 31. Bxc5 bxc5 32. Qd2 Qb6 33. Qd3 Bd4 34. Kf1 Kf8 35. Ng5 f6 36. Ne4 g5 37. g4 Qb8 38. Qg3 e5 39. Qf3 Ke7 40. Ng3 g6 41. Ne4 Qb6 1/2-1/2

[Event "Bodensee op Seniors"]
[Site "Bregenz"]
[Date "2017.05.21"]
[Round "2"]
[White "Guller, Andras"]
[Black "Taal, Anne Paul"]
[Result "1/2-1/2"]
[WhiteElo "2017"]
[BlackElo "1938"]
[PlyCount "36"]
[EventDate "2017.05.20"]
[EventType "swiss"]
[EventRounds "9"]
[EventCountry "AUT"]
[SourceTitle "CBM 178 Extra"]
[Source "ChessBase"]
[SourceDate "2017.06.22"]
[SourceVersion "1"]
[SourceVersionDate "2017.06.22"]
[SourceQuality "1"]

1. d4 d5 2. Nf3 Nf6 3. g3 e6 4. Bg2 Be7 5. c4 c6 6. Qc2 0-0 7. 0-0 Ne4 8. Nbd2 f5 9. b3 Nd7 10. Bb2 b6 11. cxd5 cxd5 12. Qc6 Ba6 13. Qxe6+ Kh8 14. Qxd5 Bxe2 15. Rfe1 Bd3 16. Nxe4 fxe4 17. Nd2 Bb4 18. Nxe4 Bxe1 1/2-1/2

[Event "WchT Seniors 50"]
[Site "Radebeul"]
[Date "2016.07.04"]
[Round "9.24"]
[White "Pantel, Heinrich"]
[Black "Guller, Andras"]
[Result "1/2-1/2"]
[WhiteElo "1801"]
[BlackElo "2013"]
[PlyCount "74"]
[EventDate "2016.06.26"]
[EventType "team-swiss"]
[EventRounds "9"]
[EventCountry "GER"]
[SourceTitle "CBM 173 Extra"]
[Source "ChessBase"]
[SourceDate "2016.08.29"]
[SourceVersion "1"]
[SourceVersionDate "2016.08.29"]
[SourceQuality "1"]
[WhiteTeam "Kaltenkirchen"]
[BlackTeam "Liechtenstein"]
[WhiteTeamCountry "GER"]
[BlackTeamCountry "LIE"]

1. e4 c5 2. Nf3 e6 3. d4 cxd4 4. Nxd4 a6 5. Be2 Nf6 6. Nd2 Qc7 7. c3 Nc6 8. Nxc6 dxc6 9. 0-0 e5 10. Qc2 Be7 11. b3 Be6 12. h3 0-0 13. Nf3 Rad8 14. Be3 b5 15. Rad1 Bc8 16. Rxd8 Rxd8 17. Rd1 Rxd1+ 18. Bxd1 c5 19. Nd2 Bb7 20. f3 Qd6 21. c4 b4 22. Be2 Nd7 23. Qd3 Nf8 24. Qxd6 Bxd6 25. Bd3 Ne6 26. Kf2 f6 27. Nf1 Kf7 28. Ng3 g6 29. Ne2 a5 30. Bc2 Bc6 31. Nc1 Nd4 32. Bxd4 cxd4 33. Nd3 f5 34. Ne1 Ke6 35. Bd3 Be7 36. Ke2 Bh4 37. Nc2 Bg3 1/2-1/2

[Event "EU Small Countries ol 4th"]
[Site "Saint Peter Port"]
[Date "2015.04.25"]
[Round "9.5"]
[White "Poulsen, Martin"]
[Black "Guller, Andras"]
[Result "1-0"]
[WhiteElo "2274"]
[BlackElo "2022"]
[PlyCount "95"]
[EventDate "2015.04.19"]
[EventType "team-tourn"]
[EventRounds "9"]
[EventCountry "GCI"]
[SourceTitle "CBM 166 Extra"]
[Source "ChessBase"]
[SourceDate "2015.06.18"]
[SourceVersion "1"]
[SourceVersionDate "2015.06.18"]
[SourceQuality "1"]
[WhiteTeam "Faroe Islands"]
[BlackTeam "Liechtenstein"]
[WhiteTeamCountry "FAI"]
[BlackTeamCountry "LIE"]

1. b3 Nf6 2. Bb2 e6 3. Nf3 d5 4. e3 Be7 5. c4 c6 6. Nc3 Nbd7 7. d4 b6 8. Bd3 Bb7 9. 0-0 0-0 10. Qe2 c5 11. Rad1 cxd4 12. exd4 dxc4 13. bxc4 Re8 14. Ne5 Nf8 15. Bc2 Ng6 16. Ba4 Nf4 17. Qd2 Nxg2 18. Bc6 Bxc6 19. Nxc6 Nh4 20. Qf4 Ng6 21. Qf3 Qd7 22. d5 Bf8 23. dxe6 Qxe6 24. Nd5 Nxd5 25. cxd5 Qd6 26. Rfe1 Qf4 27. Qxf4 Nxf4 28. Be5 Nxd5 29. Rxd5 f6 30. Bc3 Rec8 31. Ne7+ Bxe7 32. Rxe7 Rxc3 33. Rdd7 Rh3 34. Rxg7+ Kh8 35. Rxa7 Rxa7 36. Rxa7 Rh5 37. Kg2 Ra5 38. Rxa5 bxa5 39. Kf3 Kg7 40. Ke4 Kg6 41. f4 a4 42. a3 Kg7 43. Kd5 Kh6 44. Ke6 Kg6 45. f5+ Kg5 46. h4+ Kxh4 47. Kxf6 h5 48. Ke5 1-0

[Event "EU Small Countries ol 4th"]
[Site "Saint Peter Port"]
[Date "2015.04.22"]
[Round "5.3"]
[White "Guller, Andras"]
[Black "Butnorius, Algimantas"]
[Result "0-1"]
[WhiteElo "2022"]
[BlackElo "2382"]
[PlyCount "64"]
[EventDate "2015.04.19"]
[EventType "team-tourn"]
[EventRounds "9"]
[EventCountry "GCI"]
[SourceTitle "CBM 166 Extra"]
[Source "ChessBase"]
[SourceDate "2015.06.18"]
[SourceVersion "1"]
[SourceVersionDate "2015.06.18"]
[SourceQuality "1"]
[WhiteTeam "Liechtenstein"]
[BlackTeam "Monaco"]
[WhiteTeamCountry "LIE"]
[BlackTeamCountry "MNC"]

1. e4 c5 2. Nf3 e6 3. Nc3 a6 4. d4 cxd4 5. Nxd4 Nc6 6. Nxc6 bxc6 7. Bd3 d5 8. 0-0 Nf6 9. Qe2 Be7 10. Bf4 Bb7 11. Rad1 Nd7 12. Na4 0-0 13. Rfe1 Re8 14. e5 Nf8 15. Be3 Qa5 16. b3 c5 17. Bd2 Qc7 18. c4 dxc4 19. Bxc4 Ng6 20. f4 Nh4 21. Kf2 Bxg2 22. Qe3 Bb7 23. Rg1 Nf5 24. Qh3 Rad8 25. Bd3 c4 26. Bxf5 exf5 27. Be3 cxb3 28. Rc1 Qd7 29. axb3 Qd5 30. Nc3 Bh4+ 31. Kf1 Qd3+ 32. Ne2 Qd1+ 0-1

[Event "EU Small Countries ol 4th"]
[Site "Saint Peter Port"]
[Date "2015.04.22"]
[Round "6.3"]
[White "Guller, Andras"]
[Black "Gengler, Pierre"]
[Result "0-1"]
[WhiteElo "2022"]
[BlackElo "2195"]
[PlyCount "86"]
[EventDate "2015.04.19"]
[EventType "team-tourn"]
[EventRounds "9"]
[EventCountry "GCI"]
[SourceTitle "CBM 166 Extra"]
[Source "ChessBase"]
[SourceDate "2015.06.18"]
[SourceVersion "1"]
[SourceVersionDate "2015.06.18"]
[SourceQuality "1"]
[WhiteTeam "Liechtenstein"]
[BlackTeam "Luxembourg"]
[WhiteTeamCountry "LIE"]
[BlackTeamCountry "LUX"]

1. e4 c5 2. Nf3 Nc6 3. Bb5 g6 4. 0-0 Bg7 5. c3 Nf6 6. Re1 0-0 7. d3 d6 8. Nbd2 e5 9. Nf1 a6 10. Ba4 b5 11. Bc2 d5 12. Qe2 d4 13. h3 h6 14. Bd2 Be6 15. cxd4 cxd4 16. b4 Qe7 17. a3 Rfc8 18. Rec1 Rc7 19. Bd1 Rac8 20. N3h2 Nh5 21. Qf3 Nf6 22. Qe2 Nd7 23. f4 exf4 24. Bxf4 Nde5 25. Nf3 g5 26. Nxe5 Bxe5 27. Bxe5 Nxe5 28. Rxc7 Qxc7 29. Qd2 Qc3 30. Qxc3 Rxc3 31. a4 Nxd3 32. axb5 axb5 33. Nd2 Nxb4 34. Rb1 Nc2 35. Rxb5 Ne3 36. Bf3 Kg7 37. e5 Rc2 38. Ne4 d3 39. Rb8 d2 40. Nf6 Rc8 41. Ne8+ Kf8 42. Rxc8 Bxc8 43. Nd6 Ba6 0-1

[Event "Olympiad-41"]
[Site "Tromsoe"]
[Date "2014.08.12"]
[Round "10.4"]
[White "Guller, Andras"]
[Black "Giasi, Viresh"]
[Result "1/2-1/2"]
[WhiteElo "2042"]
[BlackElo "1929"]
[PlyCount "102"]
[EventDate "2014.08.02"]
[EventType "team-swiss"]
[EventRounds "11"]
[EventCountry "NOR"]
[SourceTitle "CBM 162"]
[Source "ChessBase"]
[SourceDate "2014.09.17"]
[SourceVersion "1"]
[SourceVersionDate "2014.09.17"]
[SourceQuality "1"]
[WhiteTeam "Liechtenstein"]
[BlackTeam "Surinam"]
[WhiteTeamCountry "LIE"]
[BlackTeamCountry "SUR"]

1. e4 c5 2. Nf3 d6 3. d4 cxd4 4. Qxd4 a6 5. c4 Nc6 6. Qd2 g6 7. b3 Bg7 8. Bb2 Nf6 9. Nc3 0-0 10. h3 Qa5 11. Bd3 Rb8 12. 0-0 b5 13. cxb5 axb5 14. Rfe1 Nd7 15. Rad1 Nde5 16. Nxe5 dxe5 17. Bb1 e6 18. Ne2 Qb6 19. Qe3 Qxe3 20. fxe3 b4 21. Rd6 Bb7 22. Nc1 Rfd8 23. Red1 Rxd6 24. Rxd6 Rd8 25. Rxd8+ Nxd8 26. a3 bxa3 27. Bxa3 Bf8 28. Bxf8 Kxf8 29. Kf2 Ke7 30. Ke2 f6 31. h4 Nf7 32. Na2 Kd6 33. b4 h5 34. Bd3 g5 35. g3 g4 36. Nc3 Nh6 37. Kf2 Ng8 38. Ke2 Ne7 39. Kf2 Nc6 40. Na2 Na7 41. Nc3 Nc8 42. Ke2 Bc6 43. Kf2 Kc7 44. Bc4 Bd7 45. Ke2 Nd6 46. Bd3 Kb6 47. Kd2 Bc6 48. Ke2 Nb5 49. Na4+ Kc7 50. Nc5 Kd6 51. Kd2 Nc7 1/2-1/2

[Event "EU Small Countries ol 3rd"]
[Site "Monte Carlo"]
[Date "2013.11.29"]
[Round "7"]
[White "Guller, Andras"]
[Black "Jose Queralto, Daniel"]
[Result "1/2-1/2"]
[WhiteElo "2079"]
[BlackElo "2133"]
[PlyCount "78"]
[EventDate "2013.11.25"]
[EventType "team-tourn"]
[EventRounds "9"]
[EventCountry "MNC"]
[SourceTitle "CBM 157 Extra"]
[Source "ChessBase"]
[SourceDate "2013.12.19"]
[SourceVersion "1"]
[SourceVersionDate "2013.12.19"]
[SourceQuality "1"]
[WhiteTeam "Liechenstein"]
[BlackTeam "Andorra"]
[WhiteTeamCountry "LIE"]
[BlackTeamCountry "AND"]

1. e4 e5 2. Nf3 Nf6 3. Nxe5 d6 4. Nf3 Nxe4 5. Qe2 Qe7 6. d3 Nf6 7. Bg5 Nbd7 8. Nc3 Qxe2+ 9. Bxe2 c6 10. 0-0-0 Be7 11. d4 h6 12. Bf4 Nb6 13. Rhe1 Be6 14. h3 0-0 15. Bd3 Rfe8 16. a3 Bc4 17. Bxc4 Nxc4 18. Nd2 Nxd2 19. Bxd2 d5 20. Bf4 Nh5 21. Be5 Bg5+ 22. Kb1 Re6 23. Bc7 Rae8 24. Rxe6 Rxe6 25. g3 Re8 26. f4 Bd8 27. Bxd8 Rxd8 28. Rd3 Re8 29. Kc1 Re1+ 30. Kd2 Rh1 31. h4 Rh2+ 32. Ne2 Nf6 33. Rf3 Kf8 34. Kd3 Ne4 35. f5 Ke7 36. b3 Rh1 37. Nc3 Nxc3 38. Kxc3 Re1 39. Kd3 Kf6 1/2-1/2

[Event "EU Small Countries ol 3rd"]
[Site "Monte Carlo"]
[Date "2013.11.26"]
[Round "2"]
[White "Forbes, Garry"]
[Black "Guller, Andras"]
[Result "1/2-1/2"]
[WhiteElo "1937"]
[BlackElo "2079"]
[PlyCount "33"]
[EventDate "2013.11.25"]
[EventType "team-tourn"]
[EventRounds "9"]
[EventCountry "MNC"]
[SourceTitle "CBM 157 Extra"]
[Source "ChessBase"]
[SourceDate "2013.12.19"]
[SourceVersion "1"]
[SourceVersionDate "2013.12.19"]
[SourceQuality "1"]
[WhiteTeam "Jersey"]
[BlackTeam "Liechenstein"]
[WhiteTeamCountry "GCI"]
[BlackTeamCountry "LIE"]

1. d4 Nf6 2. Nf3 c5 3. d5 d6 4. Nc3 g6 5. e4 Bg7 6. Bb5+ Bd7 7. a4 a6 8. Bxd7+ Nbxd7 9. a5 b5 10. axb6 Qxb6 11. 0-0 0-0 12. Re1 Ng4 13. Nd2 h5 14. Nc4 Qb8 15. h3 Nge5 16. Na5 Nb6 17. Qe2 1/2-1/2

[Event "Liechtenstein op Seniors"]
[Site "Triesen"]
[Date "2013.05.10"]
[Round "8"]
[White "Karl, Hans"]
[Black "Guller, Andras"]
[Result "1/2-1/2"]
[WhiteElo "2145"]
[BlackElo "2081"]
[PlyCount "48"]
[EventDate "2013.05.03"]
[EventType "swiss"]
[EventRounds "9"]
[EventCountry "LIE"]
[SourceTitle "CBM 154 Extra"]
[Source "ChessBase"]
[SourceDate "2013.06.25"]
[SourceVersion "2"]
[SourceVersionDate "2013.06.25"]
[SourceQuality "1"]

1. d4 d5 2. c4 c6 3. Nf3 Nf6 4. Nc3 g6 5. Bf4 Bg7 6. e3 0-0 7. Bd3 e6 8. h3 b6 9. 0-0 Bb7 10. b4 dxc4 11. Bxc4 Qe7 12. Qb3 Nbd7 13. Ne5 Nxe5 14. Bxe5 Rfd8 15. Rab1 Nd7 16. Bxg7 Kxg7 17. Rfd1 Nf6 18. Be2 Nd5 19. Bf3 Rac8 20. a4 Kg8 21. a5 bxa5 22. bxa5 Ba6 23. Na4 Bb5 24. Nc5 Rb8 1/2-1/2

[Event "Liechtenstein op Seniors"]
[Site "Triesen"]
[Date "2013.05.09"]
[Round "7"]
[White "Norman, Kenneth I"]
[Black "Guller, Andras"]
[Result "1/2-1/2"]
[WhiteElo "2208"]
[BlackElo "2081"]
[PlyCount "27"]
[EventDate "2013.05.03"]
[EventType "swiss"]
[EventRounds "9"]
[EventCountry "LIE"]
[SourceTitle "CBM 154 Extra"]
[Source "ChessBase"]
[SourceDate "2013.06.25"]
[SourceVersion "2"]
[SourceVersionDate "2013.06.25"]
[SourceQuality "1"]

1. Nf3 d5 2. g3 Nf6 3. Bg2 g6 4. d4 Bg7 5. c4 c6 6. cxd5 cxd5 7. Nc3 0-0 8. Ne5 e6 9. 0-0 Nfd7 10. Nf3 Nc6 11. e3 b6 12. a4 a5 13. b3 Ba6 14. Re1 1/2-1/2

[Event "Liechtenstein op Seniors"]
[Site "Triesen"]
[Date "2013.05.06"]
[Round "4"]
[White "Hasovic, Rasim"]
[Black "Guller, Andras"]
[Result "1/2-1/2"]
[WhiteElo "1861"]
[BlackElo "2081"]
[PlyCount "47"]
[EventDate "2013.05.03"]
[EventType "swiss"]
[EventRounds "9"]
[EventCountry "LIE"]
[SourceTitle "CBM 154 Extra"]
[Source "ChessBase"]
[SourceDate "2013.06.25"]
[SourceVersion "2"]
[SourceVersionDate "2013.06.25"]
[SourceQuality "1"]

1. d4 Nf6 2. c4 g6 3. Nc3 d5 4. Nf3 Bg7 5. e3 0-0 6. Bd3 dxc4 7. Bxc4 c5 8. 0-0 cxd4 9. exd4 Nc6 10. h3 a6 11. Re1 b5 12. Bf1 Bb7 13. b3 e6 14. Bb2 Ne7 15. Ne5 Ned5 16. Ne2 Rc8 17. Rc1 Qd6 18. Ng3 Rfd8 19. Qd2 Ne7 20. Qa5 Nfd5 21. Ne4 Qb4 22. Qxb4 Nxb4 23. Rxc8 Nxc8 24. Nc5 1/2-1/2